Guidelines on asset Valuation for submission to the Securities Commission
| Corporate Author: | |
|---|---|
| Format: | Book |
| Published: |
Kuala Lumpue :
Securities Commission ,
1995
|
| Subjects: |
MARC
| LEADER | 00000cam a2200000 7i4500 | ||
|---|---|---|---|
| 001 | 0000003767 | ||
| 005 | 20050426.0 | ||
| 040 | |a INS | ||
| 090 | 0 | 0 | |a RKF8961. |b G946 1995 |
| 245 | 1 | 0 | |a Guidelines on asset Valuation for submission to the Securities Commission |
| 260 | |a Kuala Lumpue : |b Securities Commission , |c 1995 | ||
| 300 | |a various pages | ||
| 650 | 0 | 0 | |a Real property |z Malaysia |x Valuation |
| 710 | 2 | |a Securities Commission | |
| 999 | |a 0000006167 |b BOOK |c Open Shelf |e Default branch | ||